Collected drawings 1971-2017

Guardat en:
Dades bibliogràfiques
Autor principal: Kuitca, Guillermo (Autor)
Format: Llibre
Idioma:anglès
Publicat: Buenos Aires KBB 2017
Edició:1a. ed
Matèries:
Etiquetes: Afegir etiqueta
Sense etiquetes, Sigues el primer a etiquetar aquest registre!

MARC

LEADER 00000cam a2200000 a 4500
001 UCC7642
003 CL-VaPUC
008 190427e20170000ag |||||||||||||||||eng|d
020 |a 9783037645130 
082 0 4 |a 709.05  |b KUI  |2 21 
100 |a Kuitca, Guillermo  |e author  |9 602315 
245 1 0 |a Collected drawings 1971-2017 
250 |a 1a. ed 
300 |a 635 p 
942 |c BK 
945 |d 20190427 02:22:00  |a dcastane 
260 |a Buenos Aires  |b KBB  |c 2017 
650 0 |a Arte contemporáneo  |y Siglo 21   |9 587956 
650 0 |a Arte abstracto   |9 265105 
650 0 |a Obras ilustradas  |9 265022 
583 |a last modification  |c 20190427 02:22:00  |k Rodrigo Vera 
999 |c 374235  |d 374233 
952 |0 0  |1 0  |3 erd  |4 0  |6 709_050000000000000_KUI_2017  |7 0  |8 R  |9 492724  |a BIBART  |b BIBART  |i 5544327  |l 1  |o 709.05 KUI 2017  |p 5544327  |r 2025-03-13  |s 2022-04-25  |w 2019-11-24  |y BK_R  |z Catalogado en:20190427  |k ART